gracie abrams “close to you” all lyrics - Statistics

General Stats
  • This quiz has been taken 57 times
  • The average score is 285 of 359
Answer Stats
Hint Answer % Correct
intro | post chorus | post-chorus close
100%
bridge | pre-chorus | verse 1 i
100%
to
100%
you
100%
be
95%
the
95%
a
90%
on
90%
pull
90%
trigger
90%
gun
85%
me
85%
when
85%
dont
80%
got
80%
know
80%
met
80%
my
80%
wanna
80%
and
75%
even
75%
gave
75%
just
75%
name
75%
we
75%
with
75%
burn
70%
every
70%
everything
70%
for
70%
single
70%
give
65%
heart
65%
if
65%
is
65%
it
65%
let
65%
problem
65%
start
65%
then
65%
way
65%
asked
60%
fire
60%
its
60%
overnight
60%
break
55%
in
55%
nothing
55%
provocative
55%
up
55%
could
50%
id
50%
ill
50%
light
50%
mine
50%
need
50%
see
50%
smoky
50%
under
50%
all
45%
im
45%
june
45%
(just let me be) | outro oh
45%
at
40%
bodies
40%
cool
40%
crowded
40%
dying
40%
how
40%
look
40%
neck
40%
now
40%
pink
40%
room
40%
saw
40%
so
40%
they
40%
your
40%
cinematic
35%
of
35%
sudden
35%
tonight
35%
touch
35%
ultraviolet
35%
was
35%
but
30%
chemical
30%
dark
30%
life
30%
should
30%
timing
30%
ah
25%
dotted
25%
line
25%
mouth
25%
signing
25%
mm
20%
moving
20%
override
20%
No matching quizzes found
Score Distribution
Percent of People with Each Score
Percentile by Number Answered
Your Score History
You have not taken this quiz